5HLuxD.jpg

KING HENRY VIII SENIOR AND PRIMARY SCHOOL LIBRARY OPAC

Rumble in the jungle / (Record no. 4729)

000 -LEADER
fixed length control field 00522cam a2200157 i 4500
008 - FIXED-LENGTH DATA ELEMENTS--GENERAL INFORMATION
fixed length control field 230728r20091996enka j 000 p eng d
020 ## - INTERNATIONAL STANDARD BOOK NUMBER
International Standard Book Number 9781860396601
Qualifying information (pbk.) :
Terms of availability NT$384
050 00 - LIBRARY OF CONGRESS CALL NUMBER
Classification number PR6051.N44
Item number R86 1997
082 0# - DEWEY DECIMAL CLASSIFICATION NUMBER
Classification number 821 AND
Item number A556
100 1# - MAIN ENTRY--PERSONAL NAME
Personal name Andreae, Giles,
Dates associated with a name 1966-
Relator term aut.
245 10 - TITLE STATEMENT
Title Rumble in the jungle /
Statement of responsibility, etc. Giles Andreae ; illustrated by David Wojtowycz.
260 ## - PUBLICATION, DISTRIBUTION, ETC.
Place of publication, distribution, etc. London :
Name of publisher, distributor, etc. Orchard,
Date of publication, distribution, etc. 2009, c1996.
300 ## - PHYSICAL DESCRIPTION
Extent [24] p. :
Other physical details chiefly col. ill. ;
Dimensions 31 cm.
500 ## - GENERAL NOTE
General note Originally published: 1996.
942 ## - ADDED ENTRY ELEMENTS (KOHA)
Source of classification or shelving scheme
Holdings
Withdrawn status Lost status Source of classification or shelving scheme Damaged status Not for loan Collection code Permanent Location Current Location Shelving location Date acquired Total Checkouts Full call number Barcode Date last seen Date last checked out Price effective from Koha item type Public note
          Non-Fiction KH8 Primary School Library KH8 Primary School Library Non Fiction 2025-03-12 6 821 AND KHPL000006546 2026-04-17 2026-04-10 2025-03-12 Books - Non Ficton KH8 PRIMARY LIBRARY

Powered By KH8 IT Dept